| 000 | 01446nam2a2200229 4500 | ||
|---|---|---|---|
| 001 | rc\3007949 | ||
| 005 | 20260315064052.0 | ||
| 035 | _a(NLR Aleph) 007150654 | ||
| 090 |
_a13616831 _c13616831 |
||
| 100 | _a20080314d1935 u y0rusy50 ca | ||
| 101 | 0 | _arus | |
| 102 | _aRU | ||
| 105 | _aba z ||||| | ||
| 200 | 0 | _aТ. 1 | |
| 210 | _d1935 | ||
| 215 |
_aПереплет, 323 с., 1 вкл. л. карт. _cил., карт. |
||
| 461 | 0 |
_1001rc\3007948 _12001#$aСорные растения СССР$eРуководство к определению сорных растений СССР ...$fПод ред. акад. Б.А. Келлера, акад. Вуан, В.Н. Любименко ... [и др.]$gС участием коллектива ботаников БИН'а ВИР'а и др. спец. по сорным растениям$gБотанич. ин-т Акад. наук СССР и Ин-т растениеводства Акад. с.-х. наук им. Ленина$vТ. 1 _97148183 _cЛенинград _d1935 _fПод ред. акад. Б.А. Келлера, акад. Вуан, В.Н. Любименко ... [и др.] _nизд-во и тип. Акад. наук СССР _oРуководство к определению сорных растений СССР ... _tСорные растения СССР _vТ. 1 |
|
| 801 | 0 |
_aRU _bNLR _gpsbo |
|
| 801 | 1 |
_aRU _bELAR _2rusmarc |
|
| 852 |
_aNLR _j35-19/102(1) |
||
| 942 | _cUNSPEC | ||
| 980 | _aNB | ||